Statistiken für Länder der Welt Quiz

Klicken Sie hier um das Quiz zu spielen!

Allgemein

  • Dieses Quiz wurde 274,775 mal gespielt
    (274,715 seit der letzten Aktualisierung)
  • Das Durchschnittsergebnis liegt bei 125 aus 196

Antwortstatistiken

Country % Korrekt
Deutschland
96%
Vereinigte Staaten
95%
Frankreich
94%
Kanada
94%
Italien
94%
Russland
94%
Spanien
93%
China
93%
Portugal
92%
Schweden
92%
Australien
92%
Japan
91%
Brasilien
91%
Finnland
91%
Irland
91%
Schweiz
91%
Österreich
91%
Polen
91%
Mexiko
91%
Dänemark
90%
Türkei
90%
Norwegen
90%
Indien
90%
Niederlande
89%
Island
89%
Belgien
88%
Griechenland
88%
Argentinien
87%
Südafrika
87%
Ägypten
87%
Chile
87%
Tschechien
85%
Iran
85%
Lettland
85%
Vereinigtes Königreich
85%
Irak
85%
Ukraine
84%
Estland
84%
Neuseeland
84%
Weißrussland
83%
Südkorea
83%
Nordkorea
83%
Marokko
82%
Kroatien
82%
Litauen
82%
Madagaskar
81%
Peru
81%
Mongolei
81%
Ungarn
79%
Kuba
78%
Saudi-Arabien
78%
Demokratische
Republik Kongo
78%
Luxemburg
78%
Republik Kongo
77%
Indonesien
77%
Thailand
77%
Rumänien
77%
Niger
76%
Israel
76%
Slowakei
76%
Bulgarien
75%
Afghanistan
75%
Syrien
75%
Kasachstan
74%
Slowenien
74%
Serbien
74%
Tunesien
74%
Pakistan
74%
Uruguay
73%
Algerien
73%
Kolumbien
73%
Vietnam
73%
Bolivien
73%
Bosnien und
Herzegowina
72%
Venezuela
72%
Albanien
72%
Panama
72%
Sudan
70%
Paraguay
70%
Liechtenstein
69%
Nigeria
68%
Philippinen
67%
Libyen
67%
Elfenbeinküste
66%
Somalia
66%
Jemen
66%
Nepal
66%
Oman
65%
Sri Lanka
65%
Zypern
65%
Ecuador
64%
Malta
64%
Andorra
64%
Vereinigte Arabische
Emirate
63%
Nordmazedonien
63%
Vatikanstadt
63%
Kenia
63%
Haiti
63%
Namibia
62%
Kosovo
62%
Ghana
62%
Usbekistan
62%
Mali
61%
Monaco
60%
Montenegro
60%
Dominikanische
Republik
60%
Moldawien
60%
Äthiopien
60%
Malaysia
60%
Georgien
59%
Papua-Neuguinea
59%
Laos
59%
Turkmenistan
59%
Costa Rica
59%
Jamaika
58%
Togo
58%
Taiwan
58%
Birma
58%
Honduras
58%
Bangladesch
57%
Südsudan
57%
Tschad
57%
Jordanien
57%
Aserbaidschan
56%
Armenien
56%
Angola
56%
San Marino
56%
Kambodscha
55%
Guinea
54%
Bahamas
53%
Guatemala
53%
Tansania
53%
Uganda
52%
Libanon
52%
Kirgisistan
52%
Nicaragua
52%
Tadschikistan
51%
Eritrea
51%
Guyana
51%
Mauretanien
50%
Senegal
50%
Kamerun
50%
Katar
50%
Singapur
49%
Bhutan
49%
Belize
48%
Simbabwe
48%
Botswana
48%
El Salvador
48%
Suriname
48%
Malediven
47%
Zentralafrikanische
Republik
47%
Swasiland
46%
Fidschi
46%
Ruanda
46%
Kuwait
46%
Lesotho
46%
Sambia
45%
Mosambik
45%
Seychellen
45%
Trinidad und Tobago
44%
Liberia
44%
Benin
43%
Burkina Faso
43%
Gambia
43%
Kap Verde
42%
Mauritius
42%
Föderierte Staaten
von Mikronesien
42%
Sierra Leone
41%
Malawi
41%
Bahrain
41%
Guinea-Bissau
40%
Äquatorial-Guinea
39%
Barbados
39%
Burundi
38%
Dominica
38%
Dschibuti
38%
Gabun
38%
Brunei
37%
Tonga
36%
Osttimor
36%
St. Kitts und Nevis
36%
St. Lucia
36%
Samoa
35%
Antigua und Barbuda
34%
St. Vincent und die
Grenadinen
34%
Vanuatu
34%
Tuvalu
34%
Marshallinseln
34%
Palau
34%
Kiribati
33%
São Tomé und
Príncipe
33%
Komoren
33%
Grenada
32%
Salomonen
31%
Nauru
31%

Verteilung der Resultate

Perzentil nach korrekt beantworteten Fragen

Anzahl Personen mit jedem Resultat

Ihre Resultats-Entwicklung

Sie haben dieses Quiz seit der letzten Aktualisierung nicht gespielt